Frézovacie cykly v riadiacom systéme Sinumerik

Guardado en:
Detalles Bibliográficos
Autor principal: Šiška, Denis (Autor)
Otros Autores: Kuruc, Marcel (Orientador)
Formato: Manuscrito Libro
Lenguaje:eslovaco
Publicado: 2019
Materias:
Acceso en línea:http://is.stuba.sk/zp/portal_zp.pl?podrobnosti=134415
Etiquetas: Agregar Etiqueta
Sin Etiquetas, Sea el primero en etiquetar este registro!

MARC

LEADER 00000ntm a22000003a 4500
001 stuzp72781
003 SK-STU
005 20190622211035.6
007 ta
008 150427s2015----xo-----f-mn---000-0-slo-d
040 |a STU  |b slo 
041 0 |a slo 
100 1 |a Šiška, Denis  |u 063000  |4 aut  |U MTF Materiálovotechnologická fakulta  |T MTF Ústav výrobných technológií  |X 85541  |U M3000  |Y 83  |7 85541 
242 0 1 |a Milling cycles in Sinumerik control system  |y eng 
245 1 0 |a Frézovacie cykly v riadiacom systéme Sinumerik 
260 |c 2019 
650 4 |a CNC riadiace systémy  |2 slo 
650 4 |a frézovacie cykly  |2 slo 
650 4 |a Sinumerik  |2 slo 
650 4 |a CNC control systems  |2 eng 
650 4 |a milling cycles  |2 eng 
650 4 |a Sinumerik  |2 eng 
700 1 |a Kuruc, Marcel  |u 063200  |k Z1  |4 ths  |U MTF Ústav výrobných technológií  |T MTF Katedra obrábania a počítačovej podpory technológií  |X 48583  |U M3200  |Y 164  |7 A000048583 
856 4 |u http://is.stuba.sk/zp/portal_zp.pl?podrobnosti=134415 
996 |c M* BP-8674  |l MMSKP  |s P  |a 0  |w stuzp72781_0001